|
|
|
|
| LEADER |
00000cam a2200000 a 4500 |
| 001 |
UCG8403 |
| 003 |
CL-VaPUC |
| 008 |
111212e20100000CL |||||||||||||||||spa|d |
| 020 |
|
|
|a 9789562923040
|
| 082 |
0 |
4 |
|a 379.83
|b FON
|2 21
|
| 110 |
2 |
|
|a FONIDE
|e author
|9 559415
|
| 710 |
2 |
|
|a MINEDUC
|e author
|9 559416
|
| 245 |
1 |
0 |
|a Evidencias para políticas públicas en educación: selección de investigaciones Cuarto Concurso FONIDE
|
| 250 |
|
|
|a 1a. ed
|
| 300 |
|
|
|a 238 P
|
| 942 |
|
|
|c BK
|
| 945 |
|
|
|d 20111212 00:00:00
|a cmena
|
| 260 |
|
|
|a Santiago
|b MINEDUC
|c 2010
|
| 650 |
|
0 |
|a Políticas públicas
|9 309677
|
| 650 |
|
0 |
|a Calidad de la educación
|9 307271
|
| 650 |
|
0 |
|a Educación chilena
|9 327162
|
| 651 |
|
7 |
|a CHILE
|2 CL-VaPUC
|9 559417
|
| 583 |
|
|
|a last modification
|c 20111212 13:13:00
|k Rodrigo Vera
|
| 999 |
|
|
|c 346013
|d 346011
|